| 000 | 00966cam a2200205 4500 | ||
|---|---|---|---|
| 001 | WS124036 | ||
| 008 | 031027n 000 0 eng u | ||
| 035 | _a(Sirsi) u124036 | ||
| 110 |
_aLondon Excellence _94546 |
||
| 245 | _aLondon Excellence | ||
| 520 | _aWeb site for this regional excellence organisation for London, the primary source of information on the European Foundation for Quality Management (EFQM) excellence model. Includes an explanation of the model, details of the service offered by the organisation and pages on a development program for small businesses in the construction industry. | ||
| 650 | _aQUALITY MANAGEMENT | ||
| 650 | _aLONDON | ||
| 650 | _aSMALL BUSINESSES | ||
| 650 | _aEXCELLENCE MODEL | ||
| 650 | _aEUROPEAN FOUNDATION FOR QUALITY MANAGEMENT | ||
| 690 | _aMANAGEMENT-BUSINESS MANAGEMENT | ||
| 856 | 4 | 0 |
_uhttps://www.London-excellence.org.uk _zView the website free of charge at www.London-excellence.org.uk... |
| 942 | _n0 | ||
| 999 |
_c120359 _d120359 |
||